Sports Quiz

Random Sports or Football Quiz
Score 0/23 Timer 03:00
0 Plays Today
% Correct
Tigers
86.7%
Wolves
85.6%
Eagles
78.9%
Foxes
77.8%
Swans
75.6%
Bluebirds
74.4%
Black Cats
73.3%
Lions
72.2%
Magpies
72.2%
Canaries
71.1%
Owls
71.1%
Seagulls
67.8%
% Correct
Hornets
67.8%
Robins
66.7%
Terriers
65.6%
Bulls
64.4%
Rams
61.1%
Bees
56.7%
Stags
53.3%
Bantams
52.2%
Shrimps
51.1%
Badgers
38.9%
Throstles
34.4%
Remove Ads.
Support Sporcle.
Get the best of Sporcle when you Go Orange. This ad-free experience offers more features, more stats, and more fun while also helping to support Sporcle. Thank you for becoming a member.

You're not logged in!

Compare scores with friends on all Sporcle quizzes.
OR
Log In

Show Comments

Extras

Top Quizzes Today


Score Distribution

Your Account Isn't Verified!

In order to create a playlist on Sporcle, you need to verify the email address you used during registration. Go to your Sporcle Settings to finish the process.

Report this User

Report this user for behavior that violates our Community Guidelines.

Details: